| 000 | 00676nam a2200241 a 4500 | ||
|---|---|---|---|
| 005 | 20210219153303.0 | ||
| 008 | 991125n 000 0 u | ||
| 035 | _aUPN01000088611 | ||
| 100 | _aKennedy, Eugene | ||
| 222 | _aJOURNAL OF EDUCATIONAL RESEARCH | ||
| 245 | _aA multilevel study of elementary male black students and white students | ||
| 300 | _a105-110 | ||
| 362 | _a86, No. 2, 1992 | ||
| 505 | _aAgosto 1993 | ||
| 653 | 0 | _aBLANCOS | |
| 653 | 0 | _aCARACTERISTICAS INSTITUCIONALES | |
| 653 | 0 | _aMASCULINO | |
| 653 | 0 | _aNEGROS | |
| 653 | 0 | _aPARTICIPACION DEL ESTUDIANTE | |
| 653 | 0 | _aRENDIMIENTO ACADEMICO | |
| 904 |
_aAC _b026422 |
||
| 905 | _aArticulo | ||
| 999 |
_c73113 _d73113 |
||